zpět

Detail výsledku týmu

Zlatý Jelen, Jablonec nad Nisou

Datum a čas kvízu

40 Celkem bodů Celkový počet nahraných bodů na tomto kvízu bez doplňovacích otázek.
4. Pořadí na kvízu Konečné umístění týmu na tomto kvízu.

Zaznamenané odpovědi

# Otázka Odpověď Body Výsledky
1. „Pro ___. Ne pro ___." Doplňte... vás; politiky 0.5
2. Vskutku kuriózním způsobem vyp... D 1
3. Napište jméno skotského herce... Iain Glen; Hra o trůny 0.5
4. V pondělí byl vládou zrušen od... NERV (Národní ekonomická rada vlády) 1
5. 41letý americký basketbalista... LeBron James 0
6. Hned v úvodu bod rozdělíme: za... Ulánbátar; Altaj 1
7. Z následujících možností vyber... A 1
8. Jak se jmenuje hudební skupina... The Hu 0
9. Tato obydlí se v Mongolsku ozn... jurta 1
10. Do Mongolska zasadila děj svéh... babičce 1